00945 2200229 4500001002100000005001500021035002000036007000300056008003900059082001000098084001600108100002200124245013100146260004300277300005400320650005600374700001500430505006300445520015000508310004300658022001400701INLIS00000000000989220260416021052 a0010-0426000267ta260416 | | |  a629.4 a629.4 NUR l0 aNursyahrir Djokki1 aLINTAS: Majalah Infrastruktur & Transportasi :bLarangan Truk Masuk Tol Dalam Kota Dicabut /cNursyahrir Djokki dan Ismet Rauf aJakarta :bPT Silampari Perdana,c2011 a58 :bFoto berwarna (Ilustrasi berwarna) ;c28 cm 4aInfrastruktur; Transportasi; Teknik Sipil - Majalah0 aIsmet Rauf aFokus utama: Jalan Tol Cinere - Jagorawi (Cijago) Seksi 1. aEdisi ini membahas tentang kebijakan pencabutan larangan truk masuk tol dalam kota dan ancaman dana pembangunan infrastruktur akibat subsidi BBM. aEdisi 15 / Tahun III / Mei - Juni 2011 a2085-1154